Central Library OPAC University of Rajshahi

Peter the Great / (Record no. 25384)

MARC details
000 -LEADER
fixed length control field 00938pam a2200277 a 4500
001 - CONTROL NUMBER
control field 25384
003 - CONTROL NUMBER IDENTIFIER
rucl marc code BD-RjUL
005 - DATE AND TIME OF LATEST TRANSACTION
control field 20211209050854.0
008 - FIXED-LENGTH DATA ELEMENTS--GENERAL INFORMATION
fixed length control field 140318s1993 enkabf b 000 0 eng
020 ## - INTERNATIONAL STANDARD BOOK NUMBER
International Standard Book Number 0415092795 (pbk.)
035 ## - SYSTEM CONTROL NUMBER
System control number (BD-RjUL)25454
040 ## - CATALOGING SOURCE
Original cataloging agency DLC
Transcribing agency DLC
Modifying agency DLC
-- BD-RjUL
Language of cataloging eng
041 ## - LANGUAGE CODE
Language code of text/sound track or separate title eng
082 00 - DEWEY DECIMAL CLASSIFICATION NUMBER
Classification number 947.05092
Edition number 20
Author mark and year LEP 1996
100 1# - MAIN ENTRY--PERSONAL NAME
Personal name Lee, Stephen J.,
Dates associated with a name 1945-
9 (RLIN) 74832
245 10 - TITLE STATEMENT
Title Peter the Great /
Statement of responsibility, etc. Stephen J. Lee.
260 ## - PUBLICATION, DISTRIBUTION, ETC. (IMPRINT)
Place of publication, distribution, etc. London ;
-- New York :
Name of publisher, distributor, etc. Routledge,
Date of publication, distribution, etc. c1993 [Reprinted 1996].
300 ## - PHYSICAL DESCRIPTION
Pagination x, 78 p., [8] p. of plates :
Illustrations ill., maps ;
Size 22 cm.
504 ## - BIBLIOGRAPHY, ETC. NOTE
Bibliography, etc Includes bibliographical references (p. 77-78).
651 #0 - SUBJECT ADDED ENTRY--GEOGRAPHIC NAME
Geographic name Russia
General subdivision History
Chronological subdivision Peter I, 1689-1725.
9 (RLIN) 78048
856 42 - ELECTRONIC LOCATION AND ACCESS
Materials specified Publisher description
Uniform Resource Identifier <a href="http://www.loc.gov/catdir/enhancements/fy0648/92044016-d.html">http://www.loc.gov/catdir/enhancements/fy0648/92044016-d.html</a>
942 ## - ADDED ENTRY ELEMENTS (KOHA)
Source of classification or shelving scheme Dewey Decimal Classification
Koha item type Books
Holdings
Lost status Source of classification or shelving scheme Damaged status Not for loan Collection code Permanent Location Current Location Shelving location Date acquired Source of acquisition Cost, normal purchase price Total Checkouts Full call number Date last seen Copy number Koha item type
  Dewey Decimal Classification     Non-fiction Central Library, University of Rajshahi Central Library, University of Rajshahi   14/08/1997 Paragon 6.99   947.05092 LEP 1996 18/03/2014 C-2 Books
  Dewey Decimal Classification   Not For Loan Non-fiction Central Library, University of Rajshahi Central Library, University of Rajshahi Reading Room 14/08/1997 Paragogn Enterprise, Dhaka 6.99   947.05092 LEP 1996 05/02/2017 C-1 Books